| 000 | 02439cam a22005054i 4500 | ||
|---|---|---|---|
| 003 | PE-LiUPU | ||
| 005 | 20250731172739.0 | ||
| 008 | 150617s r 000 0 d | ||
| 035 | _a(Sirsi) a11918 | ||
| 040 |
_aPE-LiUPU _bspa _cPE-LiUPU _erda |
||
| 049 | _aPRUA | ||
| 082 | 0 | 4 |
_a230.098 _bM79 _221 |
| 100 | 1 |
_aMoreno Rejón, Francisco, _eautor. |
|
| 245 | 1 | 0 |
_aTeología moral desde los pobres : _bla moral en la reflexión teológica desde América Latina / _cFrancisco Moreno Rejón. |
| 264 | 1 |
_aMadrid : _bEditorial Covarrubias, _c1986. |
|
| 300 |
_a229 páginas ; _c20 cm. |
||
| 336 |
_atext _2rdacontent |
||
| 337 |
_aunmediated _2rdamedia |
||
| 338 |
_avolume _2rdacarrier |
||
| 490 | 0 |
_aColección Estudios de la ética Teológica ; _v6 |
|
| 504 | _aIncluye bibliografía. | ||
| 505 | 0 | _aCaracterísticas y clasificación de las fuentes -- Información bibliográfica -- Antecedentes socioculturales -- Periodización y contexto histórico -- Hacer y quehacer de la moral latinoamericana -- El método teológico-moral -- Una moral situada -- Etica de la liberación: un modelo moral -- Opción por el pobre y moral -- Dimensión utópica de la ética -- Planteamiento teológico-moral del pecado -- La relación entre ética y espiritualidad -- Limitaciones y originalidad de las aportaciones latinoamericanas a la moral fundamental. | |
| 526 | _aSEG42 | ||
| 526 | _aSEG41 | ||
| 526 | _aSEG40 | ||
| 526 | _aSEG39 | ||
| 526 | _aP94 | ||
| 526 | _aP87 | ||
| 526 | _aP86 | ||
| 526 | _aP85 | ||
| 526 | _aP77 | ||
| 526 | _aP76 | ||
| 526 | _aP35 | ||
| 650 | 0 | 4 | _aTeología moral. |
| 910 |
_ajck _bjvq _cjck _d20150616 |
||
| 942 |
_2ddc _cBOOK |
||
| 949 |
_a230.098 M79 _wDEWEY _c1 _i30457 _lCCODEBUL1 _mBUL _p00.00 _r0 _sY _tBOOK _u19860508 _xTEOLOGIA _PP35 _0COMPRA _o.STAFF. Colección general |
||
| 949 |
_a230.098 M79 _wDEWEY _c2 _i25472 _lCCODEBUL1 _mBUL _p00.00 _r0 _sY _tBOOK _u19860508 _xTEOLOGIA _PP35 _0COMPRA _o.STAFF. Colección general |
||
| 994 |
_aC0 _bPEPRU |
||
| 596 | _a1 | ||
| 999 |
_a230.098 M79 _wDEWEY _c2118 _i30457 _f2021-11-9 _g6 _lCCODEBUL1 _mBUL _r0 _sY _tBOOK _u2015-6-17 _xTEOLOGIA _PP35 _0COMPRA _o.STAFF. Colección general _d2118 |
||
| 999 |
_a230.098 M79 _wDEWEY _c2 _i25472 _f2021-11-9 _g6 _lCCODEBUL1 _mBUL _r0 _sY _tBOOK _u2015-6-17 _xTEOLOGIA _PP35 _0COMPRA _o.STAFF. Colección general |
||
| 980 |
_81 _gALBERTO SANCHEZ Responsable de Automatización |
||